000 00736nam a22001695i 4500
001 167231
003 ES-MaACL
005 20230906213500.0
008 000104s1854 sp |||| | spa d
100 1 _aVerdú, Gregorio.
_9133636
245 1 0 _aNuevas minas de guerra y su aplicación a la defensa como consecuencia de un reciente descubrimiento para emplear la electricidad en la voladura de los hornillos /
_cpor Gregorio Verdú.
260 _aMadrid :
_b[s.n.],
_c1854 (
_fAguado, imp. de Cámara de S.M. y de su Real Casa)
300 _a79 p. ;
_c26 cm.
650 4 _aMinas militares.
_9136499
650 4 _aExplosivos.
_9136078
852 4 _aES-MaACL
_jT-45-F-2
_z- Enc. hol., falto de cub. original
_z- Enc. en un vol. facticio
999 _c167231
_d167231